000 00987nam a22002297a 4500
999 _c8189
_d8189
003 AR-CdUCM
008 190322b ||||| |||| 00| 0 spa d
040 _aMUNICIPALIDAD PROVINCIAL DEL CUSCO
_cBIBLIOTECA MUNICIPAL DEL CUSCO
082 _a338.16 /
_bR74
245 _aSistema de producción andino /
260 _aCusco :
_bCTAR,
_c2001.
300 _a138 páginas ;
_bmapas, Ilustraciones, cuadros,
_c20 cm.
505 _aContenido: Metodología y objetivo -- Recursos naturales -- Problemática del distrito -- Potencialidad del ámbito -- Tesoro histórico de Totora Oropesa -- Atractivos turísticos naturales ...
650 _aRecursos naturales
_91988
650 _aDesarrollo agrícola
_91453
650 _aTotora Oropesa, Apu.
_923088
650 _aPerú-Totora Oropesa (Apurímac)
_923089
700 _aRodríguez López, Jofré Julián (editor)
_923090
710 _aMunicipalidad Distrital de Totora Oropesa (auspiciador)
_923091
942 _2ddc
_cLIBROS
945 _aachl